Obras de William Shakspeare [sic] / (Record no. 165311)
[ view plain ]
| 000 -LEADER | |
|---|---|
| campo de control de longitud fija | 00848nam a2200205 i 4500 |
| 001 - NÚMERO DE CONTROL | |
| campo de control | 165311 |
| 003 - IDENTIFICADOR DE NÚMERO DE CONTROL | |
| campo de control | ES-MaACL |
| 005 - FECHA Y HORA DE LA ÚLTIMA TRANSACCIÓN | |
| campo de control | 20250909175246.0 |
| 008 - DATOS DE LONGITUD FIJA--INFORMACIÓN GENERAL | |
| campo de control de longitud fija | 990412m18721877sp |||| | spa d |
| 040 ## - FUENTE DE CATALOGACIÓN | |
| Centro catalogador/agencia de origen | CCPB | B |
| Lengua de catalogación | spa |
| Centro/agencia transcriptor | CCPB | B |
| 100 1# - ENTRADA PRINCIPAL--NOMBRE DE PERSONA | |
| Nombre de persona | Shakespeare, William, |
| Fechas asociadas al nombre | 1564-1616 |
| 9 (RLIN) | 105992 |
| 245 10 - MENCIÓN DEL TÍTULO | |
| Título | Obras de William Shakspeare [sic] / |
| Mención de responsabilidad, etc. | traducidas fielmente del original inglés por Matías de Velasco y Rojas. |
| 260 ## - PUBLICACIÓN, DISTRIBUCIÓN, ETC. | |
| Lugar de publicación, distribución, etc. | Madrid : |
| Nombre del editor, distribuidor, etc. | [s.n.], |
| Fecha de publicación, distribución, etc. | 1872-1877 ( |
| Fabricante | Manuel Minuesa : R. Berenguillo) |
| 300 ## - DESCRIPCIÓN FÍSICA | |
| Extensión | 3 v. ; |
| Dimensiones | 22 cm. |
| 505 8# - NOTA DE CONTENIDO CON FORMATO | |
| Nota de contenido con formato | Contiene: V. I: Poemas y sonetos -- V. II: El mercader de Venecia -- V. III: Julieta y Romeo |
| 700 1# - ENTRADA AGREGADA--NOMBRE PERSONAL | |
| Nombre de persona | Velasco y Rojas, Matías de, |
| Títulos y otros términos asociados al nombre | Marqués de Dos Hermanas, |
| Fechas asociadas al nombre | 1829-1900 |
| 9 (RLIN) | 113781 |
| 852 ## - LOCALIZACIÓN | |
| Ubicación | ES-MaACL |
| Número de control de estantería | F-13528-29 |
| Nota libre | -- Enc. hol. |
| condición física | -- Falta el T. I |
| Estatus retirado | Estado de pérdida | Estado de daño | No para préstamo | Colección | Biblioteca de origen | Biblioteca actual | Ubicación en estantería | Fecha de adquisición | Total de préstamos | Signatura topográfica completa | Código de barras | Visto por última vez | Precio de reemplazo | Tipo de ítem Koha |
|---|---|---|---|---|---|---|---|---|---|---|---|---|---|---|
| Libros del s. XIX | Biblioteca del Ateneo de Madrid | Biblioteca del Ateneo de Madrid | Sala Pecera Planta 2 | 17/01/2008 | F-13528-29 | 1173346 | 23/02/2023 | 23/02/2023 | Libro impreso antiguo |
